| 000 | 00382nam a22001457a 4500 | ||
|---|---|---|---|
| 008 | 250314b |||||||| |||| 00| 0 eng d | ||
| 020 | _a978032353051 | ||
| 050 |
_aRT81.5 _b.U53 |
||
| 100 | _aGrove Susan K | ||
| 245 | _aUnderstanding Nursing Research;Building an Evidence-Based Practice | ||
| 250 | _a7th | ||
| 260 |
_aMissouri _bElsevier _c2019 |
||
| 300 | _axxi,502p | ||
| 942 | _cBK | ||
| 999 |
_c2332 _d2332 |
||